[Event "54. Miedzynarodowy Festiwal Szachowy im. Akiby Rubinsteina<br/>OPEN A "]
[Site "Polanica-Zdroj"]
[Date "1899-12-30"]
[Round "2.42"]
[White "Vanduyfhuys, Igor"]
[Black "Konieczynski, Piotr"]
[Result "0-1"]
[WhiteTitle "II+"]
[BlackTitle "I++"]
[WhiteElo "1687"]
[BlackElo "1897"]

1. e4 c6 2. d4 d5 3. Nc3 dxe4 4. Nxe4 Bf5 5. Ng3 Bg6 6. h4 h6 7. Nf3 Nd7 8. h5
Bh7 9. Bd3 Bxd3 10. Qxd3 e6 11. Bd2 Qc7 12. O-O-O Ngf6 13. Kb1 O-O-O 14. Ne4 Nxe4
15. Qxe4 Nf6 16. Qe2 Rd5 17. c4 Rxh5 18. Rhg1 c5 19. g4 Rh3 20. Ne5 cxd4 21. Bf4
Bd6 22. Qf1 Bxe5 23. Bxe5 Qxe5 24. Qxh3 Rd8 25. Qa3 a6 26. f3 Qf4 27. Rd3 Nd7
28. Rgd1 e5 29. Rb3 Qf6 30. Qa5 Qc6 31. Rc1 Qc5 32. Qe1 Re8 33. Qe4 Qc6 34. Qe1
Nc5 35. Ra3 Qg6+ 36. Rc2 e4 37. Qa5 b6 38. Qe1 e3 39. b4 Nd3 40. Rxd3 Qxd3 41.
c5 b5 42. Kb2 e2 43. Rc1 Re3 44. Qg3 Qd2+ 0-1

[Event "54. Miedzynarodowy Festiwal Szachowy im. Akiby Rubinsteina<br/>OPEN A "]
[Site "Polanica-Zdroj"]
[Date "1899-12-30"]
[Round "2.43"]
[White "Skiba, Aleksandra"]
[Black "Maciejewski, Kamil"]
[Result "1/2-1/2"]
[WhiteTitle "I+"]
[BlackTitle "I"]
[WhiteElo "1625"]
[BlackElo "1886"]

1. e4 e6 2. d4 d5 3. Nc3 Nf6 4. Bg5 Be7 5. e5 Nfd7 6. Bxe7 Qxe7 7. f4 a6 8. Nf3
c5 9. Qd2 Nc6 10. dxc5 Nxc5 11. Bd3 b5 12. Ne2 Bb7 13. O-O-O O-O-O 14. Ned4 Na4
15. Nxc6 Bxc6 16. Nd4 Qc5 17. c3 Kb8 18. Bc2 Bd7 19. Bxa4 bxa4 20. Nc2 Ka7 21.
Qd4 Rc8 22. Qxc5+ Rxc5 23. Rd4 Bb5 24. Rhd1 g6 25. R1d2 Rb8 26. a3 a5 27. Ne3
Rbc8 28. Rc2 Bc4 29. Nxc4 Rxc4 30. Rcd2 Kb6 31. Kc2 Kb5 32. g3 R8c7 33. R2d3 Rc8
34. Kd2 R8c6 35. Ke3 Rc8 36. Kf3 Rxd4 37. Rxd4 Rb8 38. Ke3 Ka6 39. Rd2 Rb5 40.
Kd4 Kb6 41. Kd3 Rc5 42. Kc2 Rc4 43. Rd4 Kb5 44. Kd3 Rc8 45. Ke3 Rb8 46. Kd3 Rc8
47. Ke3 h6 48. g4 h5 49. g5 Rc4 50. Kd3 Rc8 51. Ke3 1/2-1/2

[Event "54. Miedzynarodowy Festiwal Szachowy im. Akiby Rubinsteina<br/>OPEN A "]
[Site "Polanica-Zdroj"]
[Date "1899-12-30"]
[Round "3.8"]
[White "Kucza, Karol"]
[Black "Bilczewski, Kacper"]
[Result "0-1"]
[WhiteTitle "FM"]
[BlackTitle "k+"]
[WhiteElo "2342"]
[BlackElo "2089"]

1. e4 e6 2. d4 d5 3. Nc3 Nf6 4. e5 Nfd7 5. f4 c5 6. Nf3 Nc6 7. Be3 a6 8. Qd2 cxd4
9. Nxd4 Bc5 10. O-O-O Nxd4 11. Bxd4 b5 12. Ne4 Be7 13. Nd6+ Bxd6 14. exd6 Nf6
15. Qb4 Bd7 16. Bd3 O-O 17. g4 Nxg4 18. Rdg1 f5 19. Bxg7 Kxg7 20. h3 h5 21. hxg4
hxg4 22. Qe1 Qf6 23. Kb1 Rh8 24. Qa5 Rxh1 25. Rxh1 Rh8 26. Rxh8 Kxh8 27. Qxa6
g3 28. Qa8+ Kh7 29. Qa7 g2 30. Qg1 Qh4 0-1

[Event "54. Miedzynarodowy Festiwal Szachowy im. Akiby Rubinsteina<br/>OPEN A "]
[Site "Polanica-Zdroj"]
[Date "1899-12-30"]
[Round "3.14"]
[White "Shishkin, Vadim"]
[Black "Banaszkiewicz, Mikolaj"]
[Result "1-0"]
[WhiteTitle "GM"]
[BlackTitle "I"]
[WhiteElo "2461"]
[BlackElo "1984"]

1. d4 Nf6 2. c4 e6 3. Nc3 Bb4 4. Qc2 Nc6 5. Nf3 d6 6. Bd2 O-O 7. a3 Bxc3 8. Bxc3
Qe7 9. e3 a5 10. Be2 a4 11. O-O e5 12. d5 Nb8 13. Nd2 Nfd7 14. Bd3 h6 15. f4 Nc5
16. fxe5 dxe5 17. Bh7+ Kh8 18. Bf5 Nbd7 19. Nf3 e4 20. Nd2 Re8 21. Rf4 Kg8 22.
Raf1 Nf8 23. Bxe4 f5 24. Bxf5 Qxe3+ 25. Kh1 Nb3 26. Bg6 Nxd2 27. Bxd2 Nxg6 28.
Bxe3 Nxf4 29. Bxf4 1-0

[Event "54. Miedzynarodowy Festiwal Szachowy im. Akiby Rubinsteina<br/>OPEN A "]
[Site "Polanica-Zdroj"]
[Date "1899-12-30"]
[Round "3.16"]
[White "Czarniecka, Aleksandra"]
[Black "Nowak, Kamil"]
[Result "0-1"]
[WhiteTitle "k"]
[BlackTitle "m"]
[WhiteElo "1980"]
[BlackElo "2313"]

1. e4 c5 2. Nf3 d6 3. d4 cxd4 4. Nxd4 Nf6 5. Nc3 a6 6. Be2 e6 7. O-O Be7 8. f4
Qc7 9. Kh1 Nc6 10. Be3 O-O 11. Qe1 Nxd4 12. Bxd4 b5 13. a3 Bb7 14. Bd3 Rad8 15.
Qg3 Rd7 16. e5 dxe5 17. Bxe5 Qd8 18. f5 Bd6 19. Bxd6 Rxd6 20. fxe6 Rxe6 21. Bf5
Rd6 22. Rad1 Rxd1 23. Rxd1 Qe7 24. Rf1 Re8 25. Bd3 h6 26. Ne2 Ne4 27. Qf4 Nc5
28. Ng3 Nxd3 29. cxd3 Bd5 30. Ne4 Bxe4 31. dxe4 f6 32. Re1 Qc5 33. h3 Re5 34.
Rd1 Qc2 35. Rd2 Qxe4 36. Qxe4 Rxe4 37. Rd6 a5 38. Rb6 Re5 39. Rb7 Kh7 40. Kh2
h5 41. Kg3 Re3+ 42. Kh2 Rb3 43. Ra7 a4 44. Rb7 Rxb2 45. Rb6 h4 46. Rb7 Kh6 47.
Rb6 Kg5 48. Rb7 g6 49. Rb6 Rb3 50. Kg1 f5 51. Kf2 Kf4 52. Kg1 g5 53. Kf2 Rb2+
54. Kf1 Kg3 55. Rg6 g4 56. hxg4 fxg4 57. Rg5 Rb1+ 58. Ke2 Rb3 59. Kf1 Rxa3 0-1

[Event "54. Miedzynarodowy Festiwal Szachowy im. Akiby Rubinsteina<br/>OPEN A "]
[Site "Polanica-Zdroj"]
[Date "1899-12-30"]
[Round "3.17"]
[White "Szylko, Waldemar"]
[Black "Kumala, Aleksander"]
[Result "0-1"]
[WhiteTitle "k+"]
[BlackTitle "k"]
[WhiteElo "1956"]
[BlackElo "2238"]

1. e4 c5 2. Nc3 Nc6 3. g3 g6 4. d3 Bg7 5. Be3 d6 6. Qd2 Rb8 7. Bg2 b5 8. h4 b4
9. Nd1 h5 10. Nh3 a5 11. O-O a4 12. Rb1 Ne5 13. f3 Ba6 14. f4 Ng4 15. Nhf2 N8h6
16. Nxg4 Nxg4 17. f5 c4 18. Kh1 b3 19. cxb3 cxb3 20. fxg6 fxg6 21. a3 Ne5 22.
Nf2 O-O 23. Rbc1 Qd7 24. Bh6 Rxf2 25. Rxf2 Nxd3 26. Bxg7 Nxf2+ 27. Qxf2 Kxg7 28.
Kh2 Rf8 29. Qd4+ Kh7 30. Rd1 Qg4 31. Rd2 Bf1 32. Qxa4 Bxg2 33. Rxg2 Rf3 34. Qb4
Re3 35. a4 Qxe4 36. Qb5 d5 37. Qe8 Qf3 38. a5 Re1 39. g4 Qf4+ 0-1

[Event "54. Miedzynarodowy Festiwal Szachowy im. Akiby Rubinsteina<br/>OPEN A "]
[Site "Polanica-Zdroj"]
[Date "1899-12-30"]
[Round "3.18"]
[White "Schoenau, Helmut"]
[Black "Lapaj, Mateusz"]
[Result "0-1"]
[WhiteTitle ""]
[BlackTitle "k+"]
[WhiteElo "1947"]
[BlackElo "2198"]

1. c4 Nf6 2. Nc3 g6 3. e4 d6 4. g3 Bg7 5. Bg2 c5 6. Nge2 O-O 7. d3 Nc6 8. a3 Nd4
9. Nxd4 cxd4 10. Ne2 Qb6 11. b4 a5 12. Bd2 axb4 13. axb4 Bg4 14. h3 Bxe2 15. Kxe2
Nd7 16. Qb3 e6 17. Rhb1 Kh8 18. g4 f5 19. Bg5 fxe4 20. Bxe4 Rxa1 21. Rxa1 Nc5
22. Qa2 Nxe4 23. dxe4 d3+ 24. Kf1 d2 25. c5 Qb5+ 26. Kg1 Qe2 0-1

[Event "54. Miedzynarodowy Festiwal Szachowy im. Akiby Rubinsteina<br/>OPEN A "]
[Site "Polanica-Zdroj"]
[Date "1899-12-30"]
[Round "3.19"]
[White "Jaskolka, Tomasz"]
[Black "Golecki, Jan"]
[Result "1-0"]
[WhiteTitle "k+"]
[BlackTitle "I++"]
[WhiteElo "2165"]
[BlackElo "1943"]

1. d4 Nf6 2. c4 e6 3. Nf3 d5 4. Nc3 Bb4 5. Bg5 h6 6. Bh4 c5 7. cxd5 Qxd5 8. Qa4+
Qd7 9. Qxd7+ Nbxd7 10. a3 Ba5 11. e3 cxd4 12. Nxd4 Nd5 13. b4 Bxb4 14. axb4 Nxc3
15. Nb5 Nxb5 16. Bxb5 O-O 17. Be7 Re8 18. Bd6 e5 19. O-O Re6 20. Rfd1 Nb6 21.
Bc5 a6 22. Rd8+ Kh7 23. Bd3+ e4 24. Bc2 Nd7 25. Bd4 b5 26. f3 f5 27. fxe4 fxe4
28. Rf1 Re7 29. Rf7 Rxf7 30. Bxe4+ g6 31. Rh8# 1-0

[Event "54. Miedzynarodowy Festiwal Szachowy im. Akiby Rubinsteina<br/>OPEN A "]
[Site "Polanica-Zdroj"]
[Date "1899-12-30"]
[Round "3.21"]
[White "Jablonski, Miroslaw"]
[Black "Wisniewski, Michal"]
[Result "0-1"]
[WhiteTitle "I++"]
[BlackTitle "k+"]
[WhiteElo "1915"]
[BlackElo "2122"]

1. d4 Nf6 2. c4 c5 3. d5 b5 4. cxb5 a6 5. bxa6 g6 6. Nc3 Bg7 7. e4 O-O 8. Nf3 Qa5
9. Bd2 Bxa6 10. Bxa6 Qxa6 11. Qe2 e6 12. Qxa6 Nxa6 13. dxe6 fxe6 14. O-O d5 15.
exd5 exd5 16. Bg5 Ne4 17. Nxe4 dxe4 18. Nd2 Bxb2 19. Rab1 Bd4 20. a3 Nc7 21. Nxe4
Rxa3 22. Be7 Rf5 23. Rb8+ Kf7 24. Bd8 Ne8 25. Ng5+ Kg8 26. Be7 Rxf2 27. Rxe8+
Rf8+ 28. Kh1 Rxe8 29. Bd6 Ra1 30. Rxa1 Bxa1 31. Kg1 c4 32. Nf3 c3 33. Nd4 Rd8
34. Bc5 Rxd4 35. Bxd4 c2 0-1

[Event "54. Miedzynarodowy Festiwal Szachowy im. Akiby Rubinsteina<br/>OPEN A "]
[Site "Polanica-Zdroj"]
[Date "1899-12-30"]
[Round "3.22"]
[White "Walkusz, Witoslaw"]
[Black "Dryja, Szymon"]
[Result "1-0"]
[WhiteTitle "FM"]
[BlackTitle "I++"]
[WhiteElo "2121"]
[BlackElo "1878"]

1. e4 c5 2. b3 d6 3. Bb2 e6 4. Nf3 Nf6 5. e5 dxe5 6. Nxe5 Be7 7. Bd3 O-O 8. O-O
Nbd7 9. f4 Qc7 10. Qe2 Re8 11. Nc3 a6 12. Rae1 Rb8 13. Nxf7 Nf8 14. Ne5 b5 15.
Ne4 Nd5 16. c4 Nb4 17. Bb1 Bb7 18. Qh5 Bd6 19. Nxd6 Qxd6 20. Qf7+ Kh8 21. Ng6+
1-0

[Event "54. Miedzynarodowy Festiwal Szachowy im. Akiby Rubinsteina<br/>OPEN A "]
[Site "Polanica-Zdroj"]
[Date "1899-12-30"]
[Round "3.23"]
[White "Konieczynski, Piotr"]
[Black "Mika, Tomasz"]
[Result "0-1"]
[WhiteTitle "I++"]
[BlackTitle "I++"]
[WhiteElo "1897"]
[BlackElo "2120"]

1. d4 d5 2. c4 c6 3. Nf3 Nf6 4. Nc3 dxc4 5. a4 Bf5 6. Ne5 Nbd7 7. Nxc4 Nb6 8. e3
Nxc4 9. Bxc4 e6 10. O-O Bd6 11. f3 Qc7 12. h3 e5 13. d5 O-O 14. e4 Bc5+ 15. Kh2
Bg6 16. Qe2 Rad8 17. Bg5 Qe7 18. Rfd1 Ng4+ 19. fxg4 Qxg5 20. Qf3 h5 21. Rd3 hxg4
22. Qxg4 Qxg4 23. hxg4 Bd4 24. Re1 Rd6 25. Rf3 Rfd8 26. Bb3 Kf8 27. Re2 Ke7 28.
Nb1 cxd5 29. Bxd5 Rxd5 30. exd5 Bxb1 31. Rb3 b6 32. a5 Rxd5 0-1

[Event "54. Miedzynarodowy Festiwal Szachowy im. Akiby Rubinsteina<br/>OPEN A "]
[Site "Polanica-Zdroj"]
[Date "1899-12-30"]
[Round "3.24"]
[White "Jankowiak, Tomasz"]
[Black "Kawalko, Adam"]
[Result "0-1"]
[WhiteTitle "k"]
[BlackTitle "I"]
[WhiteElo "2117"]
[BlackElo "1869"]

1. e4 c5 2. Nf3 e6 3. d4 cxd4 4. Nxd4 a6 5. Bd3 Nf6 6. O-O Qc7 7. Qe2 d6 8. c4
Be7 9. Nc3 Nbd7 10. f4 b6 11. Bd2 Bb7 12. Kh1 Rc8 13. b4 O-O 14. Rae1 g6 15. f5
Ne5 16. fxe6 Nxd3 17. Qxd3 Qxc4 18. exf7+ Rxf7 19. Qxc4 Rxc4 20. Ne6 Nxe4 21.
Rxf7 Kxf7 22. Nxe4 Bxe4 23. Nf4 Rc2 24. Bc1 d5 25. a3 Bg5 26. Ne2 Rxe2 27. Rxe2
Bxc1 28. a4 Ke6 29. Kg1 Ke5 30. Kf1 d4 31. Rf2 d3 32. Ke1 d2+ 33. Kd1 Bd5 34.
Re2+ Kd4 35. Kc2 Bb3+ 36. Kxb3 d1=Q+ 0-1

[Event "54. Miedzynarodowy Festiwal Szachowy im. Akiby Rubinsteina<br/>OPEN A "]
[Site "Polanica-Zdroj"]
[Date "1899-12-30"]
[Round "3.25"]
[White "Domanski, Lukasz"]
[Black "Turski, Bartlomiej"]
[Result "1-0"]
[WhiteTitle "k"]
[BlackTitle "I"]
[WhiteElo "2094"]
[BlackElo "1830"]

1. e4 c5 2. Nf3 d6 3. Bb5+ Bd7 4. Bxd7+ Qxd7 5. O-O Nc6 6. c3 g6 7. d4 cxd4 8.
cxd4 Bg7 9. Nc3 e5 10. dxe5 Nxe5 11. Nxe5 Bxe5 12. Nd5 Ne7 13. Bh6 Nxd5 14. Qxd5
O-O-O 15. Be3 Kb8 16. Rac1 Rc8 17. f4 Bg7 18. a4 Qe6 19. Qa5 b6 20. Qb4 f5 21.
a5 Qxe4 22. Qxd6+ Kb7 23. Qd7+ Kb8 24. Bf2 Rxc1 25. Rxc1 Bxb2 26. axb6 axb6 27.
Bxb6 Qb7 28. Qd6+ Ka8 29. Rc4 Qa6 30. Qc6+ Qb7 31. Ra4+ Kb8 32. Qd6+ 1-0

[Event "54. Miedzynarodowy Festiwal Szachowy im. Akiby Rubinsteina<br/>OPEN A "]
[Site "Polanica-Zdroj"]
[Date "1899-12-30"]
[Round "3.26"]
[White "Gospodarczyk, Wojciech"]
[Black "Mazalon, Mariusz"]
[Result "0-1"]
[WhiteTitle "II"]
[BlackTitle "k"]
[WhiteElo "1523"]
[BlackElo "2055"]

1. d4 g6 2. c4 Bg7 3. Nc3 Nf6 4. e4 O-O 5. Nf3 c6 6. h3 d5 7. e5 Ne4 8. Bd3 Nxc3
9. bxc3 dxc4 10. Bxc4 c5 11. O-O cxd4 12. cxd4 Nc6 13. Bb3 Na5 14. Ba3 b6 15.
d5 Bb7 16. d6 exd6 17. Bxd6 Nxb3 18. Qxb3 Re8 19. Rfe1 Qd7 20. Nd4 Kh8 21. Rac1
Rac8 22. f4 h6 23. a3 Kh7 24. Nb5 Qf5 25. Rxc8 Rxc8 26. Qe3 Rc2 27. Re2 Rxe2 28.
Qxe2 Qxf4 29. Nxa7 Qa4 30. Nb5 Ba6 31. Nc3 Qd4+ 32. Qf2 Qxc3 33. Qxf7 Bc4 34.
Qd7 Qe3+ 35. Kh1 Bd5 36. Bf8 Qe1+ 37. Kh2 Qxe5+ 38. Kh1 Bc4 0-1

[Event "54. Miedzynarodowy Festiwal Szachowy im. Akiby Rubinsteina<br/>OPEN A "]
[Site "Polanica-Zdroj"]
[Date "1899-12-30"]
[Round "3.27"]
[White "Rak, Maciej"]
[Black "Betkowski, Andrzej"]
[Result "1/2-1/2"]
[WhiteTitle "I"]
[BlackTitle "k"]
[WhiteElo "1759"]
[BlackElo "2041"]

1. f4 d5 2. Nf3 Bg4 3. e3 Nd7 4. Be2 c6 5. O-O Ngf6 6. Ne5 Bxe2 7. Qxe2 Qc7 8.
d4 e6 9. Nd2 Bd6 10. e4 dxe4 11. Nxe4 Nxe4 12. Qxe4 Nf6 13. Qe2 O-O 14. Be3 c5
15. c3 Nd5 16. Kh1 f6 17. Nd3 c4 18. Nc5 Rfe8 19. Qf3 Nxe3 20. Qxe3 e5 21. fxe5
Bxc5 22. dxc5 Rxe5 23. Qf3 Rxc5 24. Rad1 Re8 25. Qg4 Rg5 26. Qf3 h5 27. h4 Rg4
28. Rd4 Qc6 29. Qxc6 bxc6 30. Rff4 Rxf4 31. Rxf4 Re2 32. Rxc4 Rxb2 33. a4 Ra2
34. Kh2 Kh7 35. Kh3 Kg6 36. Rxc6 Rxa4 37. Rc7 Ra3 38. g3 Ra2 39. c4 a5 40. Rc5
Kh6 41. Rb5 a4 42. Ra5 a3 43. c5 g5 44. hxg5+ fxg5 45. Ra6+ Kg7 46. c6 Rc2 47.
c7 Rxc7 48. Rxa3 Rc6 49. Ra2 Kg6 50. Rf2 Rf6 51. Ra2 Re6 52. Rf2 Re3 53. Kg2 g4
54. Ra2 Kf5 55. Ra5+ Re5 56. Ra2 Rd5 57. Re2 Rd4 58. Kh2 Re4 59. Rf2+ Ke5 60.
Ra2 Kd4 61. Kg2 Re5 62. Kf2 Rf5+ 63. Kg2 Rd5 64. Rd2+ Ke4 65. Re2+ Kd3 66. Re8
Kd4 67. Kf2 Rf5+ 68. Kg2 Re5 69. Rd8+ Ke3 70. Ra8 Rd5 71. Re8+ Kd2 72. Kf2 Rf5+
73. Kg2 Kd3 74. Rd8+ Ke4 75. Re8+ Re5 76. Ra8 Kf5 77. Kf2 Rc5 78. Ra2 Kg5 79.
Rb2 h4 80. gxh4+ Kxh4 81. Kg2 1/2-1/2

[Event "54. Miedzynarodowy Festiwal Szachowy im. Akiby Rubinsteina<br/>OPEN A "]
[Site "Polanica-Zdroj"]
[Date "1899-12-30"]
[Round "3.28"]
[White "Harazinska, Magdalena"]
[Black "Antoniewicz, Jakub"]
[Result "1-0"]
[WhiteTitle "k"]
[BlackTitle "II+"]
[WhiteElo "2035"]
[BlackElo "1769"]

1. d4 f5 2. c4 Nf6 3. Nc3 e6 4. Bf4 d6 5. Nf3 Be7 6. Qc2 Nh5 7. Bd2 g5 8. h3 O-O
9. e4 c6 10. exf5 exf5 11. Bd3 Ng7 12. O-O-O a6 13. g4 b5 14. c5 h6 15. cxd6 Qxd6
16. h4 fxg4 17. Bh7+ Kh8 18. hxg5 Nf5 19. Ne5 Nxd4 20. Ng6+ Kxh7 21. Nxf8+ Kg8
22. Qh7+ Kxf8 23. Rxh6 Bf6 24. Rxf6+ 1-0

[Event "54. Miedzynarodowy Festiwal Szachowy im. Akiby Rubinsteina<br/>OPEN A "]
[Site "Polanica-Zdroj"]
[Date "1899-12-30"]
[Round "3.29"]
[White "Lukasik, Zuzanna"]
[Black "Kaminski, Jan"]
[Result "0-1"]
[WhiteTitle "I++"]
[BlackTitle "I++"]
[WhiteElo "1517"]
[BlackElo "2026"]

1. e4 c5 2. Nf3 d6 3. c3 Nf6 4. h3 Nbd7 5. Bd3 Qc7 6. Qe2 g6 7. O-O Bg7 8. a4 Nh5
9. Qe3 e5 10. c4 Nf4 11. Bc2 Nf6 12. d3 h5 13. Nc3 Bh6 14. Qe1 Qe7 15. Bxf4 Bxf4
16. Ne2 Bh6 17. b4 O-O 18. Qc3 Re8 19. a5 cxb4 20. Qxb4 Nd7 21. Ba4 Rd8 22. Bxd7
Qxd7 23. Nc3 Kg7 24. Nd5 g5 25. Qc3 f6 26. d4 Qf7 27. c5 g4 28. hxg4 hxg4 29.
Ne1 Be6 30. Ne3 exd4 31. Qxd4 Bf4 32. Nf5+ Kh7 33. Ra4 dxc5 34. Qc3 Bb3 35. Nd3
Rxd3 36. Qxd3 Bxa4 37. g3 Bg5 38. Kg2 Bc6 39. Qe2 Qe6 40. Rh1+ Kg6 41. Rh6+ Bxh6
42. Qxg4+ Bg5 43. Nh4+ Kf7 44. Qh5+ Ke7 45. Ng6+ Kd6 46. Qd1+ Kc7 47. f3 Bxe4
48. fxe4 Qxe4+ 49. Qf3 Qxg6 50. a6 Qc2+ 51. Kh3 Rh8+ 52. Kg4 Qa4+ 53. Kf5 Qd7+
0-1

[Event "54. Miedzynarodowy Festiwal Szachowy im. Akiby Rubinsteina<br/>OPEN A "]
[Site "Polanica-Zdroj"]
[Date "1899-12-30"]
[Round "3.30"]
[White "Rogacewicz, Mikolaj"]
[Black "Luberanski, Jakub"]
[Result "0-1"]
[WhiteTitle "I+"]
[BlackTitle "I"]
[WhiteElo "2009"]
[BlackElo "1763"]

1. d4 Nf6 2. c4 e6 3. g3 d5 4. Nf3 Bb4+ 5. Bd2 Be7 6. Bg2 O-O 7. O-O c6 8. Bg5
Nbd7 9. Nc3 b6 10. Rc1 Bb7 11. Ne5 Nxe5 12. dxe5 Nd7 13. Bxe7 Qxe7 14. cxd5 exd5
15. f4 f6 16. e4 dxe4 17. Nxe4 fxe5 18. Nd6 Ba6 19. Re1 Rad8 20. Rxc6 Nb8 21.
Rxe5 Qd7 22. Bd5+ Kh8 23. Rh5 g6 24. Qd4+ Qg7 25. Qxg7+ Kxg7 26. Rc7+ Rd7 27.
Rxd7+ Nxd7 28. Rh3 Nf6 29. Bc4 Bxc4 30. Nxc4 Rc8 31. b3 b5 32. Ne3 Rc1+ 33. Kf2
Ra1 34. g4 Rxa2+ 35. Kf3 h6 36. g5 hxg5 37. fxg5 Nh7 38. Kf4 Rf2+ 39. Kg4 Rd2
40. Kf4 Rf2+ 41. Kg4 a5 42. Rh4 Rb2 43. Kf4 Rxb3 44. Rh3 Rb4+ 45. Ke5 Nxg5 46.
Rg3 Nf7+ 47. Kd5 a4 48. Kc5 Rb3 49. Nf5+ Kf6 50. Rxb3 axb3 51. Ng3 Ng5 0-1

[Event "54. Miedzynarodowy Festiwal Szachowy im. Akiby Rubinsteina<br/>OPEN A "]
[Site "Polanica-Zdroj"]
[Date "1899-12-30"]
[Round "3.31"]
[White "Budnik, Mateusz"]
[Black "Derylo, Kamil"]
[Result "1-0"]
[WhiteTitle "I++"]
[BlackTitle "I"]
[WhiteElo "2003"]
[BlackElo "1833"]

1. e4 e5 2. Nf3 Nc6 3. Bb5 a6 4. Ba4 Nf6 5. O-O Be7 6. Re1 b5 7. Bb3 O-O 8. c3
d6 9. d3 Bg4 10. Nbd2 Na5 11. Bc2 c5 12. Nf1 Nc6 13. Ne3 Bh5 14. Nf5 h6 15. Ng3
Bg4 16. h3 Be6 17. d4 cxd4 18. cxd4 exd4 19. Nxd4 Nxd4 20. Qxd4 Rc8 21. Bb3 Bxb3
22. axb3 Rc6 23. Nf5 Re8 24. Bd2 Bf8 25. Bc3 Kh7 26. Rad1 Qb6 27. Qd3 Nd7 28.
e5 Nc5 29. Qd5 Re6 30. exd6 Bxd6 31. Nxg7 Rxe1+ 32. Rxe1 Qc7 33. Ne8 1-0

[Event "54. Miedzynarodowy Festiwal Szachowy im. Akiby Rubinsteina<br/>OPEN A "]
[Site "Polanica-Zdroj"]
[Date "1899-12-30"]
[Round "3.32"]
[White "Wasylkiewicz, Andrzej"]
[Black "Litner, Igor"]
[Result "0-1"]
[WhiteTitle "I"]
[BlackTitle "I++"]
[WhiteElo "1816"]
[BlackElo "1990"]

1. d4 f5 2. Nc3 Nf6 3. Nf3 e6 4. Bg5 Bb4 5. Qd2 d6 6. a3 Bxc3 7. Qxc3 Nbd7 8. e3
h6 9. Bxf6 Nxf6 10. Bd3 O-O 11. Qb3 Kh8 12. Nd2 b6 13. f3 c5 14. c3 d5 15. Qc2
Bb7 16. O-O Rc8 17. f4 Qd6 18. g3 g5 19. fxg5 hxg5 20. Nf3 Rg8 21. Ne5 Rcf8 22.
Bxf5 exf5 23. Qxf5 Bc8 24. Qc2 Qe7 25. Ng6+ Rxg6 26. Qxg6 Qxe3+ 27. Kg2 Qe4+ 28.
Qxe4 dxe4 29. d5 Kg7 30. c4 Bg4 31. Rfe1 Bf3+ 32. Kg1 Ne8 33. b4 Nd6 34. bxc5
bxc5 35. Rac1 Kf6 36. Rc3 Ke5 37. h4 gxh4 38. gxh4 Kd4 39. Rc2 Nxc4 40. Rec1 Rg8+
41. Kh2 Ne3 42. Rd2+ Ke5 43. d6 Ng4+ 44. Kh3 e3 45. Rxc5+ Ke6 46. Rdc2 Nf2+ 0-1

[Event "54. Miedzynarodowy Festiwal Szachowy im. Akiby Rubinsteina<br/>OPEN A "]
[Site "Polanica-Zdroj"]
[Date "1899-12-30"]
[Round "3.33"]
[White "Sacharewicz, Krzysztof"]
[Black "Mirski, Michal"]
[Result "0-1"]
[WhiteTitle "I++"]
[BlackTitle "I"]
[WhiteElo "1775"]
[BlackElo "1981"]

1. e4 c5 2. Nf3 d6 3. c3 Nf6 4. h3 g6 5. Bd3 Bg7 6. Bc2 O-O 7. d4 cxd4 8. cxd4
Nc6 9. Nc3 a6 10. O-O b5 11. d5 Nb8 12. a3 Nbd7 13. Be3 Bb7 14. Qd2 Nb6 15. Bd3
Rc8 16. Bxb6 Qxb6 17. Rac1 Nd7 18. b4 Rc7 19. Rc2 Rfc8 20. Rfc1 Bf6 21. Ne2 Kg7
22. Ng3 Rxc2 23. Rxc2 Qd8 24. Kf1 Nb6 25. Ke2 Na4 26. Ne1 Qb6 27. Rxc8 Bxc8 28.
Nc2 Qc7 29. Kf3 Bb7 30. Nf1 e6 31. Nfe3 Bc3 32. Qe2 Be5 33. Qd2 Nc3 34. Bf1 f5
35. exf5 Nxd5 36. Ke2 Nc3+ 37. Ke1 Ne4 38. Qd3 gxf5 39. Nd4 Qc1+ 40. Nd1 Kf6 41.
Ne2 Qa1 42. g4 Bb2 43. f3 Bxa3 44. fxe4 Bxb4+ 45. Kf2 Bxe4 46. Qg3 Qxd1 47. Qh4+
Ke5 48. Qxh7 Bc5+ 49. Kg3 Qe1+ 0-1

[Event "54. Miedzynarodowy Festiwal Szachowy im. Akiby Rubinsteina<br/>OPEN A "]
[Site "Polanica-Zdroj"]
[Date "1899-12-30"]
[Round "3.34"]
[White "Jankowski, Aleksander"]
[Black "Hetzer, Volkhard"]
[Result "0-1"]
[WhiteTitle "I"]
[BlackTitle ""]
[WhiteElo "1728"]
[BlackElo "1949"]

1. e4 e5 2. Nf3 Nc6 3. Bb5 a6 4. Bxc6 dxc6 5. d4 exd4 6. Qxd4 Qxd4 7. Nxd4 Bd7
8. Nc3 Nf6 9. f3 c5 10. Nde2 O-O-O 11. Bf4 Bc6 12. Rd1 Re8 13. Kd2 g6 14. Kc1
Nh5 15. Bg5 f6 16. Bh4 Bh6+ 17. Kb1 f5 18. exf5 gxf5 19. Ng3 Nxg3 20. hxg3 Bg7
21. Nd5 Bxd5 22. Rxd5 Re5 23. Rhd1 Rxd5 24. Rxd5 Re8 25. c3 c4 26. Bg5 Be5 27.
f4 Bd6 28. Rxf5 Re1+ 29. Kc2 Re2+ 30. Kc1 Rxg2 31. Bh4 Rg1+ 32. Kd2 Rg2+ 33. Ke3
Rxb2 34. Rh5 Rxa2 35. f5 a5 36. f6 a4 37. f7 c6 38. Re5 Kd7 39. Re8 Bc5+ 40. Kf4
Rf2+ 41. Kg5 Rxf7 42. Ra8 a3 0-1

[Event "54. Miedzynarodowy Festiwal Szachowy im. Akiby Rubinsteina<br/>OPEN A "]
[Site "Polanica-Zdroj"]
[Date "1899-12-30"]
[Round "3.35"]
[White "Klein, Gernot, Dr."]
[Black "Kejna, Piotr"]
[Result "1/2-1/2"]
[WhiteTitle "m"]
[BlackTitle "CM"]
[WhiteElo "1922"]
[BlackElo "1655"]

1. e4 c5 2. Nf3 d6 3. d4 cxd4 4. Nxd4 Nf6 5. Nc3 g6 6. Be3 Bg7 7. f3 Nc6 8. Bc4
Bd7 9. Bb3 O-O 10. Qd2 Na5 11. O-O-O Rc8 12. g4 b5 13. Kb1 Qc7 14. h4 Nc4 15.
Bxc4 bxc4 16. Ka1 Qa5 17. Nd5 Qxd2 18. Nxe7+ Kh8 19. Rxd2 Rfe8 20. g5 Nxe4 21.
Nxg6+ fxg6 22. fxe4 Rxe4 23. Bf2 Rf8 24. c3 Ref4 25. Bg3 Rf1+ 26. Rd1 Rxh1 27.
Rxh1 Be5 28. Be1 Rf4 29. a3 Kg8 30. Bd2 Rg4 31. Be3 a6 32. Bf2 Bf5 33. Nxf5 gxf5
34. Rd1 f4 35. a4 Rg2 36. Rf1 Kg7 37. a5 Kg6 38. Ka2 Kh5 39. Ka3 Kg4 40. Kb4 Kf3
41. Bb6+ Ke2 42. Rh1 f3 43. Kxc4 Bf4 44. b4 Be3 45. b5 Rg4+ 46. Bd4 Bxd4 47. cxd4
axb5+ 48. Kxb5 f2 49. a6 Rxh4 50. Ra1 Rxd4 51. a7 Rd1 52. Ra2+ Rd2 53. Ra1 Rd1
54. Ra2+ Rd2 1/2-1/2

[Event "54. Miedzynarodowy Festiwal Szachowy im. Akiby Rubinsteina<br/>OPEN A "]
[Site "Polanica-Zdroj"]
[Date "1899-12-30"]
[Round "3.36"]
[White "Maciejewski, Kamil"]
[Black "Wieczorek, Mikolaj"]
[Result "1-0"]
[WhiteTitle "I"]
[BlackTitle "I"]
[WhiteElo "1886"]
[BlackElo "1757"]

1. Nf3 Nf6 2. g3 g6 3. b3 Bg7 4. Bb2 O-O 5. Bg2 d5 6. c4 c5 7. cxd5 Nxd5 8. Bxg7
Kxg7 9. O-O Nc6 10. d4 cxd4 11. Nxd4 Nxd4 12. Qxd4+ Nf6 13. Qe5 Qb6 14. Nc3 Qe6
15. Qxe6 Bxe6 16. Bxb7 Rab8 17. Bg2 Rbc8 18. Nb5 a6 19. Nd4 Bd5 20. Rac1 Bxg2
21. Kxg2 Nd5 22. e3 Nc3 23. Rc2 Nb5 24. Rfc1 Rxc2 25. Rxc2 Nxd4 26. exd4 Rd8 27.
Rc6 a5 28. Rc5 a4 29. Rc4 axb3 30. axb3 Rb8 31. b4 Kf6 32. Kf3 Ke6 33. Ke4 f5+
34. Kd3 Kd6 35. Kc3 e5 36. dxe5+ Kxe5 37. f3 Kd5 38. Rc5+ Kd6 39. Kc4 Ra8 40.
Rd5+ Ke6 41. Ra5 Rc8+ 42. Rc5 Ra8 43. b5 Ra1 44. b6 Kd6 45. Rb5 Rc1+ 46. Kd4 Rc8
47. b7 Rb8 48. Rb2 g5 49. f4 gxf4 50. gxf4 Kc6 51. Ke5 Rxb7 52. Rxb7 Kxb7 53.
Kxf5 1-0

[Event "54. Miedzynarodowy Festiwal Szachowy im. Akiby Rubinsteina<br/>OPEN A "]
[Site "Polanica-Zdroj"]
[Date "1899-12-30"]
[Round "3.37"]
[White "Pawicka, Magdalena"]
[Black "Cap, Piotr"]
[Result "1/2-1/2"]
[WhiteTitle "I"]
[BlackTitle "I"]
[WhiteElo "1647"]
[BlackElo "1877"]

1. e4 d6 2. d4 Nf6 3. Nc3 g6 4. f3 Bg7 5. Be3 Nbd7 6. Qd2 c5 7. O-O-O cxd4 8. Bxd4
O-O 9. Kb1 Nb6 10. g4 Be6 11. h4 Rc8 12. h5 Bc4 13. Qh2 Bxf1 14. Bxf6 exf6 15.
hxg6 fxg6 16. Qxh7+ Kf7 17. Rh6 Rxc3 18. bxc3 Nc4 19. Qxg6+ Kg8 20. Qh7+ Kf7 21.
Qg6+ Kg8 22. Qh7+ Kf7 23. Qg6+ Kg8 1/2-1/2